|
|
|
|
| LEADER |
00000cas a2200000 a 4500 |
| 001 |
vtls010301036 |
| 003 |
SK-MaSNL |
| 005 |
20260425194243.0 |
| 008 |
110810d19511954xo zx|p 0 b0hun |
| 040 |
|
|
|a SNK
|b slo
|c SNK
|e AACR2
|
| 041 |
0 |
|
|a hun
|a slo
|
| 043 |
|
|
|a e-xo---
|
| 044 |
|
|
|a xo
|c SK
|
| 072 |
|
7 |
|a 352/354
|x Stupne miestnej, oblastnej a ústrednej správy
|2 konspekt
|
| 080 |
|
|
|a 352/354
|2 2001
|
| 080 |
|
|
|a 050
|2 2001
|
| 080 |
|
|
|a (437.6)
|2 2001
|
| 245 |
0 |
0 |
|a Bratislavai kerület
|b Tájékoztató a nemzeti bizottságok magyarajkú tényezői részére
|
| 260 |
|
|
|a Bratislava
|b Krajský národný výbor v Bratislave
|c 1951-1954
|
| 300 |
|
|
|a 4 zv.
|c 21 cm
|
| 310 |
|
|
|a Periodicita sa nedá určíť
|
| 362 |
0 |
|
|a Évf. II, szám 1 (jún 1951)-évf. V, szám 24 (1954)
|
| 500 |
|
|
|a Vyd. Krajský národný výbor v Bratislave
|
| 500 |
|
|
|a Tlač. Tlačiarenské závody Tatran, n. p., záv. Bratislava, od 1/1952 Tlačiarenské závody Pravda, n. p., záv. 02, od 1/1953 Knižné závody, n. p., Bratislava
|
| 500 |
|
|
|a Príl. čas. Bratislavský kraj, vych. od júna 1951
|
| 546 |
|
|
|a Obsahuje text v maď. a slov.
|
| 650 |
0 |
7 |
|a národné výbory
|2 SNKPH
|9 59059
|
| 650 |
0 |
7 |
|a štátna správa
|2 SNKPH
|9 1539
|
| 651 |
|
7 |
|a Bratislava (Slovensko)
|2 SNKPH
|9 14568
|
| 655 |
|
7 |
|a spravodajské časopisy
|2 SNKPH
|9 70527
|
| 772 |
0 |
|
|t Bratislavský kraj
|w vtls010301042
|
| 910 |
|
|
|a snk
|
| 916 |
|
|
|a 1952
|
| 958 |
|
|
|a OND
|
| 999 |
|
|
|c 8558
|d 10488
|
| 952 |
|
|
|t č. 1-21, neúplné
|a SNK
|b SNK
|y PREZ
|7 0
|p 17A0750719
|o snkČSB 1235/3/1952
|i snkČSF 2/58
|8 5
|z chýba č. 21
|f 1
|0 0
|1 0
|4 0
|d 2014-11-25
|l 0
|r 2026-02-21 20:33:04
|w 2026-02-21
|